Vista normal
Vista MARC
Entrada Personal Name
Número de registros utilizados en: 1
001 - CONTROL NUMBER
- control field: 1371
003 - CONTROL NUMBER IDENTIFIER
- control field: OSt
005 - DATE AND TIME OF LATEST TRANSACTION
- control field: 20110901152411.0
008 - FIXED-LENGTH DATA ELEMENTS
- fixed length control field: 110901|||a|||||| | ||| d
040 ## - CATALOGING SOURCE
- Original cataloging agency: OSt
- Transcribing agency: OSt
100 ## - HEADING--PERSONAL NAME
- Personal name: Valderrabano, Recaredo R.
670 ## - SOURCE DATA FOUND
- Source citation: Work cat.: (OSt)650: Valderrabano, Recaredo R., Sintomas y signos, caminos de diagnóstico / , 1996.